Vedic sahitya me varn vayavastha (Record no. 22697)

MARC details
000 -LEADER
fixed length control field 00609nam a2200205Ia 4500
082 ## - DEWEY DECIMAL CLASSIFICATION NUMBER
Classification number TS.0181
100 ## - MAIN ENTRY--AUTHOR NAME
Personal name Srivastava, Surendra Kumar
245 #0 - TITLE STATEMENT
Title Vedic sahitya me varn vayavastha
260 ## - PUBLICATION, DISTRIBUTION, ETC. (IMPRINT)
Year of publication 1970
Name of publisher University of Lucknow
300 ## - PHYSICAL DESCRIPTION
Number of Pages 323p. + C D - 56
650 ## - SUBJECT ADDED ENTRY--TOPICAL TERM
Topical Term VEDIC CIVILIZATION//CIVILIZATION, HINDU
650 ## - SUBJECT ADDED ENTRY--TOPICAL TERM
Topical Term CIVILIZATION, VEDIC//CIVILIZATION, HINDU
650 ## - SUBJECT ADDED ENTRY--TOPICAL TERM
Topical Term CIVILIZATION, HINDU
650 ## - SUBJECT ADDED ENTRY--TOPICAL TERM
Topical Term VEDIC LITERATURE
650 ## - SUBJECT ADDED ENTRY--TOPICAL TERM
Topical Term CASTE - INDIA
650 ## - SUBJECT ADDED ENTRY--TOPICAL TERM
Topical Term SOCIAL CLASSES - INDIA
650 ## - SUBJECT ADDED ENTRY--TOPICAL TERM
Topical Term HINDUISM///CIVILIZATION, HINDU
710 ## - ADDED ENTRY--CORPORATE NAME
Corporate name or jurisdiction name as entry element Thapliyal, Kiran Kumar
942 ## - ADDED ENTRY ELEMENTS (KOHA)
Koha item type Thesis
Source of classification or shelving scheme Dewey Decimal Classification
Holdings
Withdrawn status Lost status Damaged status Not for loan Home library Current library Date acquired Full call number Accession Number Price effective from Koha item type
        NASSDOC Library NASSDOC Library 08/10/2004 TS.0181 4657 18/04/2019 Thesis